000 01125nam a2200277 u 4500
001 000002265
005 20250205124808.0
008 090701s1981 dr a r 000 0 spa d
040 _aDO-SdBNP
_bspa
_cBNPHU
082 _a333.317293
_bD695r, 1981
100 1 _aDore y Cabral, Carlos
_96975
245 1 0 _aReforma agraria y luchas sociales en la República Dominicana 1966 - 1978 /
_cCarlos Dore y Cabral ; prólogo Wilfredo Lozano.
250 _a2ª. ed.
260 _aSanto Domingo :
_bTaller,
_c1981.
300 _a101 p. :
_bil. ;
_c21 cm.
490 1 _aBiblioteca Taller
_v121
500 _aIncluye referencias bibliográficas y notas a pie de las páginas
500 _aPonencia presentada en el Primer Congreso de Sociólogos Dominicanos, año 1978.
504 _aBibliografía : p. 95-101
590 _aInventariado, 2018/MFF
650 4 _aReforma agraria
_zRepública Dominicana
_y1966-1978
_97216
650 4 _aClases sociales
_zRepública Dominicana
_y1966-1978
_97217
700 1 2 _aLozano, Wilfredo
_d1950-
_epról.
_97126
830 0 _aBiblioteca Taller
_n121
_97218
910 _aValidado. Control de calidad. MFF
999 _c2111
_d2111